|
|
|
|
| LEADER |
00000cam a2200000 7i4500 |
| 001 |
0000054672 |
| 005 |
20151222.0 |
| 008 |
151108 |
| 020 |
|
|
|a 983151162X
|
| 090 |
0 |
0 |
|a AD
|b MAL
|
| 100 |
0 |
|
|a Zamrin
|
| 245 |
1 |
0 |
|a Wasiat yang hilang
|c Zamrin
|
| 260 |
|
|
|a Kuala Lumpur :
|b Penerbitan Fargoes ,
|c 2002
|
| 440 |
|
0 |
|a Siri Hadi
|
| 500 |
|
|
|a Children ages 7-9 years old (orange)
|
| 650 |
|
0 |
|a Detective and mystery stories, Malay
|
| 650 |
|
0 |
|a Malay fiction
|
| 710 |
0 |
|
|a Title
|
| 999 |
|
|
|a 0000777536
|b Book
|c Children Collection
|e Cawangan Pontian
|
| 999 |
|
|
|a 0000777537
|b Book
|c Children Collection
|e Cawangan Pontian
|
| 999 |
|
|
|a 0000777538
|b Book
|c Children Collection
|e Cawangan Pontian
|
| 999 |
|
|
|a 0000791598
|b Book
|c Children Collection
|e Cawangan Segamat
|
| 999 |
|
|
|a 0000868050
|b Book
|c Children Collection
|e Cawangan Mersing
|
| 999 |
|
|
|a 0000868052
|b Book
|c Children Collection
|e Cawangan Bandar Penawar
|
| 999 |
|
|
|a 0000868054
|b Book
|c Children Collection
|e Cawangan Pontian
|
| 999 |
|
|
|a 0000868055
|b Book
|c Children Collection
|e Cawangan Taman Universiti
|
| 999 |
|
|
|a 0000883498
|b Book
|c Children Collection
|e Cawangan Segamat
|
| 999 |
|
|
|a 0000883499
|b Book
|c Children Collection
|e Cawangan Segamat
|